000
00260nam a22000977a 4500
999
_c
10938
_d
10938
008
180412b ||||| |||| 00| 0 eng d
020
_a
9788190717243
100
_a
Nissar, Kauser
_9
6744
245
_a
Click and learn computer
260
_a
New Delhi
_b
Swan Press
_c
2009